| 000 | 00362 a2200157 4500 | ||
|---|---|---|---|
| 001 | 193120 | ||
| 020 | _a978-85-08-14759-5 | ||
| 040 | _cMagnum | ||
| 100 | _aMachado, Ana Maria | ||
| 240 | 1 | 0 |
_aMenina bonita do laço de fita _lpor |
| 245 | 1 | 0 | _aMenina bonita do laço de fita |
| 300 | _a24 | ||
| 362 | 0 | _a2011 | |
| 697 | _aLITERATURA INFANTIL | ||
| 942 | _cBK | ||
| 999 |
_c193120 _d193120 |
||